00596nam a22001817a 450000500170000001000150001702000270003203500140005903700130007308200140008624501360010026000400023627000440027630000240032050000190034470000250036370000260038820161124165301.0 aENG-116640 a9788184845624c1380.00 aEN-100172 bDBAD/PUB a346.54066 aThe companies act,2013 :cby Partha Pratim Mitra ; foreword by Autar Krishen Koulbnew challenges in contemporary Indian economy / aNew DelhibRegal Publicationsc2013 aF-159,Rajouri GardenbNew Delhie110027 axiv,317p.c22cm(Hb) aIncludes index a Mitra,Partha Pratim aKoul, Autar Krishen